| 000 | 01746nam a2200205 4500 | ||
|---|---|---|---|
| 001 | 9554 | ||
| 090 | _a9554 | ||
| 099 | _tLIVR | ||
| 100 | _a19720101d1971 m y0frey50 ba | ||
| 101 | 0 | _afre | |
| 102 | _aFR | ||
| 200 | 1 |
_aJack et Madame Mitie en Occident _bLIVR _f Georges Ohsawa ( Nyoiti Sakurazawa ) |
|
| 210 |
_aParis _cJ. Vrin _d1971 |
||
| 215 |
_a1 vol. (287 p.) _d18 cm |
||
| 300 | _aLa couv. porte en plus: ou Deux non civilisés dans la jungle dite civilisation | ||
| 330 | _aCe livre est le récit des aventures vécues par deux étrangers en quelques pays d'Occident, gouvernés par un roi dit « Civilisation », nom qui est en même temps pour eux synonyme de « jungle ». L'un d'eux est un monsieur âgé de soixante-quatre ans, l'autre, sa femme, de cinquante-sept. Ils se nomnent Monsieur Jack et Madame Mitie. Leur nationalité est «Erewhonienne ». Leurs pays est appelé «Erewhon » par les Occidentaux, depuis plusieurs siècles Mais ce nom est complètement étranger à son propre peuple. C'est un tout petit pays perdu dans un océan, colonisé et divisé depuis quatre-vingts ans par des conquérants venus de l'ouest. Monsieur Jack connaît fort bien les pays occidentaux ainsi que leurs langues, mais Madame Mitie est une véritable traditionaliste, n'employant que sa propre langue. Elle n'est jamais allée au delà de sa petite île, ni même de sa ville natale. Leur voyage est plein d'aventures et d'émotions, comme celui de Marco Polo en Chine, ou de Livingstone au cœur de l'Afrique... non, beaucoup plus. C'est comme vous allez le voir, très intéressant et extrêmement amusant. | ||
| 700 |
_311923429 _aŌsawa _bJoichi _4070 _926297 |
||
| 801 | 0 |
_aFR _bFR-751131015 _c19720101 _gAFNOR |
|
| 801 | 0 |
_aTN _b32BIS |
|
| 830 | _aSG | ||